LEADER 01015nam0-2200349li-450 001 990000148710203316 005 20180312154739.0 010 $a0-13-251885-6 035 $a0014871 035 $aUSA010014871 035 $a(ALEPH)000014871USA01 035 $a0014871 100 $a20001109d1988----km-y0itay0103----ba 101 0 $aeng 102 $aUS 200 1 $aElectronic measurement systems$fAnton F.P. van Putten 210 $aNew York [etc.]$cPrentice Hall$d1988 215 $aXIV, 343 p.$cill.$d24 cm 610 1 $amisure elettroniche 676 $a6812$9. 700 1$aPutten,$bAnton F. P. van$0491443 801 $aSistema bibliotecario di Ateneo dell' Università di Salerno$gRICA 912 $a990000148710203316 951 $a681.2 PUT$b0000291 959 $aBK 969 $aTEC 979 $c19900323 979 $c20001110$lUSA01$h1712 979 $c20020403$lUSA01$h1622 979 $aPATRY$b90$c20040406$lUSA01$h1611 996 $aElectronic measurement systems$9331769 997 $aUNISA LEADER 01120nam a2200313 i 4500 001 991000785519707536 005 20020507173548.0 008 961104s1991 uk ||| | eng 020 $a0306437422 035 $ab10757004-39ule_inst 035 $aLE01302292$9ExL 040 $aDip.to Matematica$beng 082 0 $a516 084 $aAMS 00B15 084 $aAMS 00B60 100 1 $aWu, Hung-Hsi$0535019 245 10$aContemporary geometry :$bJ.-Q Zhong memorial volume /$cedited by Hung-Hsi Wu 260 $aNew York ; London :$bPlenum Press,$cc1991 300 $axi, 483 p. ;$c24 cm. 440 4$aThe University series in mathematics 500 $aIncludes bibliographical references and index 650 4$aGeometry-collections of articles 650 4$aZhong, J.-Q. (Jia-Qing), d. 1987 907 $a.b10757004$b21-09-06$c28-06-02 912 $a991000785519707536 945 $aLE013 00B ZHO11 (1991)$g1$i2013000065274$lle013$o-$pE0.00$q-$rl$s- $t0$u0$v0$w0$x0$y.i10851422$z28-06-02 996 $aContemporary geometry$9922990 997 $aUNISALENTO 998 $ale013$b01-01-96$cm$da $e-$feng$guk $h0$i1